| 000 | 00757nam a2200217 ar4500 | ||
|---|---|---|---|
| 001 | 1926 | ||
| 005 | 20221127090326.0 | ||
| 008 | 100401s jo a 00010|ara d | ||
| 020 |
_a9789957244675 : _cرس 130.00 |
||
| 082 | 0 | 4 |
_a658.4013 _bن216 |
| 100 | 1 | _aنجم، نجم عبود. | |
| 245 | 1 | 0 |
_aادارة الجودة الشاملة في عصر الانترنت / _cنجم عبود نجم. |
| 246 | 1 | _aTQM in the internet age. | |
| 250 | _aط. 1. | ||
| 260 |
_aعمان، الاردن : _bدار صفاء، _c2010[1431]. |
||
| 300 |
_a660 ص. : _bايض ؛ _c24 سم. |
||
| 504 | _aيتضمن ارجاعات ببليوجرافية. | ||
| 650 | 4 | _aالمواصفات القياسية. | |
| 650 | 4 | _aضبط الجودة. | |
| 650 | 4 | _aالانترنت. | |
| 999 |
_c1924 _d1924 |
||